[Event "Mondiale Lampo FIDE 2017"]
[Site "Riyadh"]
[Date "29.12.2017"]
[Round "3.43"]
[White "Quparadze, Giga"]
[Black "Tregubov, Pavel V."]
[Result "1/2-1/2"]
[WhiteTitle "GM"]
[BlackTitle "GM"]
[WhiteElo "2506"]
[BlackElo "2575"]
[WhiteFideId "13602250"]
[BlackFideId "4115341"]
[EventDate "2017.12.29"]

1. e4 c5 2. Nf3 Nc6 3. Bb5 Nf6 4. Nc3 g6 5. O-O Bg7 6. Re1 O-O 7. Bxc6 bxc6 8.
d3 d6 9. Rb1 e5 10. a3 a5 11. Nd2 Ne8 12. Nc4 f5 13. exf5 Bxf5 14. Ne2 Nc7 15.
f4 Ne6 16. fxe5 d5 17. Ne3 Qc7 18. Nxf5 Rxf5 19. Ng3 Rxe5 20. Bd2 Re8 21. Qg4
Nd4 22. c3 Nb3 23. Rxe5 Bxe5 24. Bh6 Bg7 25. Bxg7 Qxg7 26. Nf1 d4 27. a4 Qe5 28.
Qd1 Rb8 29. c4 Qf4 30. Qc2 Kg7 31. h3 h5 32. Re1 Rb7 33. Re6 Rf7 34. Re1 Rb7 35.
Nh2 Qd2 36. Qb1 Qf4 37. Qd1 Nd2 38. Qc2 Rf7 39. Re2 Nf1 40. Nxf1 Qxf1+ 41. Kh2
Qf4+ 42. g3 Qf3 43. Qd2 h4 44. gxh4 Qf1 45. h5 Rf5 46. hxg6 Rf6 47. Re7+ Kf8 48.
Re2 Kg7 49. Re7+ Kf8 50. g7+ Kxe7 51. g8=Q Rf2+ 52. Qxf2 Qxf2+ 53. Qg2 Qf4+ 54.
Kg1 Qc1+ 55. Kh2 Qf4+ 56. Qg3 Qd2+ 57. Kh1 Qd1+ 58. Kg2 Qe2+ 59. Kg1 Qd1+ 60.
Kg2 Qe2+ 61. Kg1 Qd1+ 1/2-1/2

[Event "Mondiale Lampo FIDE 2017"]
[Site "Riyadh"]
[Date "29.12.2017"]
[Round "3.44"]
[White "Haddouche, Mohamed"]
[Black "Sargissian, Gabriel"]
[Result "0-1"]
[WhiteTitle "GM"]
[BlackTitle "GM"]
[WhiteElo "2505"]
[BlackElo "2672"]
[WhiteFideId "7900660"]
[BlackFideId "13300881"]
[EventDate "2017.12.29"]

1. e4 e5 2. Nf3 Nc6 3. Bb5 a6 4. Ba4 Nf6 5. d3 d6 6. O-O g6 7. c3 Bg7 8. Re1 O-O
9. Nbd2 Bd7 10. Nf1 Re8 11. Ng3 Qe7 12. h3 Qf8 13. d4 Kh8 14. Bb3 h6 15. a3 Rad8
16. Qd3 Nh7 17. Bd2 Bc8 18. Rad1 Bf6 19. Bc1 Ng5 20. Nxg5 Bxg5 21. Bxg5 hxg5 22.
Nf1 Kg7 23. Ne3 Bd7 24. Nd5 Rc8 25. Qe3 f6 26. Ba2 Be6 27. Rd2 Bf7 28. Qf3 Bg8
29. Red1 exd4 30. cxd4 f5 31. exf5 Qxf5 32. Qxf5 gxf5 33. Nc3 Bxa2 34. Nxa2 Na5
35. Nc3 c6 36. Rd3 Nc4 37. Rb1 d5 38. a4 Re7 39. b3 Nd6 40. a5 Rce8 41. Kf1 Kf6
42. Na4 Ne4 43. b4 Nd6 44. Rd2 Nc4 45. Rc2 Na3 0-1

[Event "Mondiale Lampo FIDE 2017"]
[Site "Riyadh"]
[Date "29.12.2017"]
[Round "3.45"]
[White "Christiansen, Johan-Sebastian"]
[Black "Dzhumagaliev, Yan"]
[Result "1/2-1/2"]
[WhiteTitle "IM"]
[BlackTitle "FM"]
[WhiteElo "2495"]
[BlackElo "2400"]
[WhiteFideId "1512668"]
[BlackFideId "24100110"]
[EventDate "2017.12.29"]

1. e4 c5 2. Nf3 e6 3. g3 d5 4. exd5 exd5 5. Bg2 Nf6 6. O-O Be7 7. d4 cxd4 8.
Nxd4 O-O 9. Nc3 h6 10. Bf4 Nc6 11. Qd2 a6 12. Rfe1 Bb4 13. a3 Ba5 14. Nb3 Be6
15. Nxa5 Nxa5 16. Rad1 Bg4 17. Rb1 d4 18. Ne4 Nd5 19. Bd6 Nc4 20. Qxd4 Nxd6 21.
Qxd5 Nxe4 22. Qxe4 Qc8 23. Rbc1 Rb8 24. c4 b6 25. b4 Bf5 26. Qf4 Be6 27. c5 b5
28. Red1 a5 29. Rd6 Qc7 30. Rcd1 axb4 31. axb4 Qa7 32. Bc6 Qa3 33. Bd5 Bxd5 34.
R6xd5 Rbe8 35. Rd7 Qc3 36. Qd4 Qc2 37. Kg2 Re4 38. Qd6 Re2 39. Qf4 Re4 40. Qf5
Qe2 41. Rd8 Ree8 42. Rxe8 Rxe8 43. Rd3 Qc2 44. Qd7 Re6 45. Rf3 Qg6 46. Qxb5 Qe4
47. Qb8+ Kh7 48. Qf4 Qc6 49. Qf5+ Kh8 50. b5 Qxb5 51. Qxf7 Qc6 52. Qf8+ Kh7 53.
Qf5+ Kh8 54. Qf8+ Kh7 55. Qf4 Rf6 56. Qe3 h5 57. Qd3+ Kh6 58. Qe3+ Kh7 59. h4
Rxf3 60. Qxf3 Qxc5 61. Qe4+ g6 62. Qb7+ Kh6 63. Qa8 Kh7 64. Qe4 Kg7 65. Qe3 Qd5+
66. Kh2 Kh7 67. Qe7+ Kg8 68. Qf6 Qe4 69. Qd8+ Kg7 70. Qc7+ Kg8 71. Qc5 Kg7 72.
Qe3 Qd5 73. Qc3+ Kh7 74. Kg1 Qd1+ 75. Kg2 Qd5+ 76. Qf3 Qe6 77. Qb7+ Kg8 78. Qf3
Kg7 79. Kh2 Qe5 80. Qe3 Qd5 81. Qc3+ Kh7 82. Qe1 Kg7 83. Qe3 Kg8 84. Qg5 Qe4 85.
Qd8+ Kg7 86. Qd2 Kg8 87. Kg1 Qe5 88. Qd8+ Kg7 89. Qd7+ Kg8 90. Qd3 Kg7 91. Kf1
Qa1+ 92. Ke2 Qb2+ 93. Kf3 Qf6+ 94. Ke3 Qe6+ 95. Qe4 Qb3+ 96. Ke2 Qb2+ 97. Kf3
Qc3+ 98. Qe3 Qc6+ 99. Ke2 Qc2+ 100. Kf1 Qd1+ 101. Kg2 Qd5+ 102. Qf3 Qd4 103.
Qb7+ Kg8 104. Qc6 Kg7 105. Kf3 Qd1+ 106. Kg2 Qd4 107. Qb7+ Kg8 108. Qf3 Kg7 109.
Qe3 Qd5+ 110. Kh2 Kg8 111. Qe7 Qd4 112. Qe6+ Kg7 113. Qe3 Qd5 114. Qe2 Qd4 115.
f3 Qd5 116. g4 hxg4 117. fxg4 Qd6+ 118. Kh3 Qa3+ 119. Kg2 Qa8+ 120. Qf3 Qa2+
121. Kg3 Qe6 122. Qc3+ Kh7 123. Qc7+ Kg8 124. Kf4 Qf6+ 125. Kg3 Qe6 126. Qd8+
Kg7 127. Qd4+ Kh7 128. Qd3 Qe1+ 129. Kh3 Qh1+ 130. Kg3 Qe1+ 131. Kh3 1/2-1/2

[Event "Mondiale Lampo FIDE 2017"]
[Site "Riyadh"]
[Date "29.12.2017"]
[Round "3.46"]
[White "Sanal, Vahap"]
[Black "Fedoseev, Vladimir3"]
[Result "0-1"]
[WhiteTitle "GM"]
[BlackTitle "GM"]
[WhiteElo "2551"]
[BlackElo "2718"]
[WhiteFideId "6300545"]
[BlackFideId "24130737"]
[EventDate "2017.12.29"]

1. e4 e5 2. Nf3 Qe7 3. Nc3 c6 4. d4 d6 5. a4 Nf6 6. Be2 h6 7. h3 Qc7 8. Be3 Be7
9. O-O O-O 10. Re1 Re8 11. Bc4 Nbd7 12. Ba2 Nf8 13. Qd2 Be6 14. d5 Bd7 15. Rad1
c5 16. Nxe5 dxe5 17. d6 Bxd6 18. Qxd6 Qxd6 19. Rxd6 Be6 20. Bxc5 Bxa2 21. Nxa2
Rec8 22. Bb4 Rc4 23. f3 Ng6 24. c3 a5 25. b3 Rc7 26. Ba3 Nf4 27. c4 Rc6 28. Nc3
Raa6 29. Rd8+ Kh7 30. Red1 N6h5 31. Kh2 Ne6 32. R8d7 f6 33. Rxb7 Nd4 34. Nd5 Rc8
35. Be7 Kg8 36. c5 Kh8 37. Bd6 Rac6 38. Ne7 Rxc5 39. Nxc8 Rxc8 40. Rb8 Rxb8 41.
Bxb8 Nxb3 42. Rd8+ Kh7 43. Rc8 Nf4 44. Rc4 Nd2 45. Rc5 Ne2 46. g3 Nb3 47. Rb5
Ned4 48. Rb7 Nxf3+ 49. Kg2 Nfd2 50. Ba7 Na1 51. Be3 Nxe4 52. Kf3 Nc3 53. Bd2
Nxa4 54. Ra7 Nb3 55. Bxa5 Nac5 56. Bb6 Ne6 57. Ra8 Nd2+ 58. Ke2 Nc4 59. Bf2 Kg6
60. Ra6 Ng5 61. Ra4 Nd6 62. h4 Nge4 63. Be1 Kf5 64. Kf3 h5 65. Ra7 g6 66. Ra8
Nb5 67. Kg2 Nd4 68. Ra6 Nc2 69. Ba5 Ne3+ 70. Kf3 Ng4 71. Be1 Nc5 72. Ra3 Nd3 0-1

[Event "Mondiale Lampo FIDE 2017"]
[Site "Riyadh"]
[Date "29.12.2017"]
[Round "3.47"]
[White "Al-Saffar, Araz Basim Mohammed S"]
[Black "Savchenko, Boris"]
[Result "0-1"]
[WhiteTitle "IM"]
[BlackTitle "GM"]
[WhiteElo "2368"]
[BlackElo "2566"]
[WhiteFideId "4801040"]
[BlackFideId "4147332"]
[EventDate "2017.12.29"]

1. d4 Nf6 2. c4 g6 3. Nc3 d5 4. Nf3 Bg7 5. Bg5 Ne4 6. cxd5 Nxg5 7. Nxg5 e6 8.
Qa4+ c6 9. dxc6 Nxc6 10. Nf3 Bd7 11. Qd1 Qb6 12. Qd2 Nxd4 13. Nxd4 Qxd4 14. Qxd4
Bxd4 15. Rc1 Ke7 16. e3 Bg7 17. Bd3 Bc6 18. f3 f5 19. Ke2 a6 20. Rhd1 Bf6 21. b3
h5 22. h3 g5 23. e4 f4 24. Na4 Rag8 25. Nc5 g4 26. e5 gxf3+ 27. gxf3 Bxe5 28.
Be4 Rg2+ 29. Kf1 Rhg8 30. Bxc6 bxc6 31. Re1 Bd4 32. Ne4 Rh2 0-1

[Event "Mondiale Lampo FIDE 2017"]
[Site "Riyadh"]
[Date "29.12.2017"]
[Round "3.48"]
[White "Al Jabri, Mohammed Ali"]
[Black "Volokitin, Andrei"]
[Result "1-0"]
[BlackTitle "GM"]
[WhiteElo "2154"]
[BlackElo "2628"]
[WhiteFideId "7604734"]
[BlackFideId "14107090"]
[EventDate "2017.12.29"]

1. e4 c5 2. d4 cxd4 3. c3 Nf6 4. e5 Nd5 5. cxd4 Nc6 6. Nf3 d6 7. Bc4 dxe5 8.
dxe5 Ndb4 9. Qxd8+ Nxd8 10. Na3 Be6 11. Bb5+ Ndc6 12. Bd2 a6 13. Ba4 b5 14. Bb3
Bxb3 15. axb3 e6 16. O-O Rd8 17. Be3 Be7 18. Rad1 O-O 19. h3 Nd3 20. Bb6 Rd5 21.
Nb1 b4 22. Nbd2 Ndxe5 23. Nxe5 Nxe5 24. Nc4 Nd7 25. Be3 Nf6 26. Ra1 Rd3 27. Rxa6
Rxb3 28. Ra7 Nd5 29. Bd4 Rd3 30. Be3 Nxe3 31. Nxe3 Bc5 32. Rb7 Bxe3 33. fxe3
Rxe3 34. Rxb4 Re2 35. Rb7 f5 36. Rc1 Rf7 37. Rc8+ Rf8 38. Rcc7 h5 1-0

[Event "Mondiale Lampo FIDE 2017"]
[Site "Riyadh"]
[Date "29.12.2017"]
[Round "3.49"]
[White "Al Zamel, Khaled"]
[Black "Inarkiev, Ernesto"]
[Result "0-1"]
[BlackTitle "GM"]
[WhiteElo "1942"]
[BlackElo "2689"]
[WhiteFideId "21500967"]
[BlackFideId "4162722"]
[EventDate "2017.12.29"]

1. e4 c5 2. d3 Nc6 3. Nc3 g6 4. Be3 d6 5. g3 Bg7 6. Bg2 Rb8 7. Nge2 b5 8. Qc1 b4
9. Nd1 e6 10. O-O a5 11. Rb1 Ba6 12. b3 Nge7 13. Bh6 O-O 14. Bxg7 Kxg7 15. Kh1
Nd4 16. Nxd4 cxd4 17. f4 Rc8 18. Qd2 Rc5 19. Qf2 Nc6 20. Re1 Qc7 21. Nb2 Bb5 22.
e5 dxe5 23. fxe5 Rxe5 24. Rf1 f5 25. Rbd1 Rd8 26. Rde1 Rxe1 27. Rxe1 e5 28. Kg1
Nb8 29. Nd1 Nd7 30. Qd2 Rc8 31. Qg5 Nf6 32. Re2 e4 33. Nf2 h6 34. Qc1 exd3 35.
Re5 Qxe5 0-1

[Event "Mondiale Lampo FIDE 2017"]
[Site "Riyadh"]
[Date "29.12.2017"]
[Round "3.50"]
[White "Ganguly, Surya Shekhar"]
[Black "Aronian, Levon"]
[Result "0-1"]
[WhiteTitle "GM"]
[BlackTitle "GM"]
[WhiteElo "2650"]
[BlackElo "2805"]
[WhiteFideId "5002150"]
[BlackFideId "13300474"]
[EventDate "2017.12.29"]

1. c4 g6 2. e4 e5 3. d4 Nf6 4. Nf3 exd4 5. e5 Ne4 6. Qxd4 Bb4+ 7. Kd1 f5 8. exf6
Nxf6 9. Bh6 Nc6 10. Qe3+ Kf7 11. c5 d5 12. cxd6 cxd6 13. Bc4+ d5 14. Bb5 Bg4 15.
h3 Re8 16. Qb3 Bxf3+ 17. Qxf3 Qb6 18. Bxc6 Qxc6 19. Na3 Rac8 20. Rc1 Qa4+ 21.
Nc2 Ba5 22. a3 Rc6 23. b3 Qe4 24. b4 Bb6 25. Re1 Qxf3+ 26. gxf3 Bxf2 27. Rxe8
Nxe8 28. Ke2 Bb6 29. Kd3 Nd6 30. a4 Nc4 31. a5 Ne5+ 32. Ke2 Bd8 33. Nd4 Rxc1 34.
Bxc1 a6 35. Bd2 Nc6 36. Nc2 Ke6 37. Kd3 Be7 38. Be1 Bd6 39. Bd2 Kd7 40. Be1 Ne7
41. Nd4 Be5 42. Nb3 Bd6 43. Nd4 Nc6 44. Nc2 Be7 45. Bd2 Bf6 46. Ne3 Ne5+ 47. Ke2
Kc6 48. Nc2 Nc4 49. Be1 Kb5 50. Kd3 Nb2+ 51. Ke3 Kc4 52. Na3+ Kb3 53. Nb1 Nc4+
54. Kd3 Be7 55. Kd4 Bxb4 56. Bh4 Bxa5 57. Kxd5 Nd2 58. Kd4 0-1

[Event "Mondiale Lampo FIDE 2017"]
[Site "Riyadh"]
[Date "29.12.2017"]
[Round "3.51"]
[White "Howell, David W L"]
[Black "Artemiev, Vladislav"]
[Result "1/2-1/2"]
[WhiteTitle "GM"]
[BlackTitle "GM"]
[WhiteElo "2676"]
[BlackElo "2691"]
[WhiteFideId "410608"]
[BlackFideId "24101605"]
[EventDate "2017.12.29"]

1. c4 e5 2. Nc3 Bb4 3. Nd5 a5 4. g3 Nf6 5. Bg2 Nxd5 6. cxd5 O-O 7. a3 Bc5 8. d3
c6 9. Nf3 Re8 10. dxc6 Nxc6 11. O-O d5 12. b3 e4 13. dxe4 dxe4 14. Ng5 Bf5 15.
Be3 Bxe3 16. Qxd8 Raxd8 17. fxe3 Re5 18. Rf4 f6 19. Nxe4 Be6 20. b4 axb4 21.
axb4 Bd5 22. Nc5 Bxg2 23. Kxg2 b6 24. Nd3 Rxe3 25. Kf2 Re7 26. Rc4 Nd4 27. Ra2
g5 28. Rd2 Nf5 29. Rc6 Nd6 30. Rdc2 Ne4+ 31. Kf3 b5 32. Rc7 Ree8 33. Rb7 Nd6 34.
Ra7 Nf5 35. Kf2 Nd4 36. Rca2 h6 37. Rc7 Rd5 38. g4 f5 39. h3 Rf8 40. Kg2 f4 41.
Raa7 Ne6 42. Re7 Rf6 43. Re8+ Nf8 44. Kf3 Re6 45. Raa8 Rxe8 46. Rxe8 Kf7 47. Re5
Rd6 48. Rxb5 Ne6 49. Kf2 Nd4 50. Rb7+ Kf6 51. Nc5 Rd5 52. Rb6+ Kf7 53. Rb7+ Kf6
54. Rb6+ Kf7 55. Nd3 Nc2 56. Rxh6 Rd4 57. Rh7+ Kg6 58. Rb7 Re4 59. Nc5 Re3 60.
Rb6+ Kf7 61. Rb7+ Kg6 62. Rb6+ Kf7 63. Rd6 Nxb4 64. Nd3 Nc2 65. Rd5 Kf6 66. Rf5+
Ke7 67. Rxg5 Rxh3 68. Nxf4 Rh2+ 69. Kg3 Rh1 70. Rc5 Nd4 71. Rd5 Nc2 72. Rd3 Kf6
73. Rd5 Ne3 74. Rd6+ Kf7 75. Kf3 Nc4 76. Rd5 Rf1+ 77. Kg3 Rg1+ 78. Kh4 Ne3 79.
Rg5 Kf6 80. Rg6+ Ke5 81. Nd3+ Ke4 82. Re6+ Kd4 83. Rd6+ Kc3 84. Rc6+ Kd2 85. g5
Kxe2 86. Ne5 Rh1+ 87. Kg3 Rg1+ 88. Kh4 Rh1+ 89. Kg3 Rg1+ 90. Kf4 Nd5+ 91. Ke4
Rxg5 92. Kxd5 Rg8 93. Rc3 Kd2 94. Rh3 Rd8+ 95. Ke4 Re8 96. Kf4 Rf8+ 97. Ke4 Re8
98. Ra3 Ke2 99. Ra2+ Ke1 100. Kf4 Kd1 101. Nf3 Rf8+ 102. Ke3 Re8+ 103. Kd3 Rd8+
104. Nd4 Ke1 105. Rb2 Kf1 106. Ke3 Re8+ 107. Kf3 Rf8+ 108. Ke4 Re8+ 109. Kf4
Rf8+ 110. Nf5 Ke1 111. Ke3 Re8+ 112. Kd3 Rd8+ 113. Nd4 Kf1 114. Ke4 1/2-1/2

[Event "Mondiale Lampo FIDE 2017"]
[Site "Riyadh"]
[Date "29.12.2017"]
[Round "3.52"]
[White "Zhao, Jun"]
[Black "Laznicka, Viktor"]
[Result "1/2-1/2"]
[WhiteTitle "GM"]
[BlackTitle "GM"]
[WhiteElo "2604"]
[BlackElo "2647"]
[WhiteFideId "8602522"]
[BlackFideId "316385"]
[EventDate "2017.12.29"]

1. Nf3 d5 2. g3 Bg4 3. Bg2 Nd7 4. O-O Ngf6 5. d3 e6 6. h3 Bh5 7. c4 Be7 8. Nc3
c6 9. Qb3 Nc5 10. Qc2 dxc4 11. dxc4 Bg6 12. Qd2 Qa5 13. Nd5 Qxd2 14. Nxf6+ Bxf6
15. Nxd2 O-O 16. Nb3 Na4 17. Na5 Nxb2 18. Bxb2 Bxb2 19. Rad1 Rac8 20. Rd7 Bc3
21. Nxb7 c5 22. Rc1 Be5 23. Na5 Rc7 24. Rcd1 Bc2 25. R1d2 Ba4 26. Rxc7 Bxc7 27.
Nc6 Bb6 28. Ne7+ Kh8 29. Bb7 g6 30. Bc6 Bxc6 31. Nxc6 Rc8 32. Ne5 Kg7 33. Rd7
Rc7 34. Rxc7 Bxc7 35. Nd3 Bd6 36. e4 f5 37. e5 Be7 38. f4 Kf7 39. Kf2 Ke8 40.
Ke3 Kd7 41. Kd2 Kc6 42. Kc3 g5 43. Kb3 h5 44. fxg5 Bxg5 45. Nf4 Bxf4 46. gxf4
Kb6 47. h4 Ka5 48. Ka3 Kb6 1/2-1/2

[Event "Mondiale Lampo FIDE 2017"]
[Site "Riyadh"]
[Date "29.12.2017"]
[Round "3.53"]
[White "Fressinet, Laurent"]
[Black "Bosiocic, Marin"]
[Result "1-0"]
[WhiteTitle "GM"]
[BlackTitle "GM"]
[WhiteElo "2662"]
[BlackElo "2624"]
[WhiteFideId "608742"]
[BlackFideId "14507927"]
[EventDate "2017.12.29"]

1. e4 e5 2. Nf3 Nc6 3. Bb5 Nf6 4. O-O Nxe4 5. Re1 Nd6 6. Nxe5 Be7 7. Bf1 Nf5 8.
Nf3 O-O 9. d4 d5 10. c3 Bd6 11. Bd3 h6 12. Nbd2 Nh4 13. h3 Nxf3+ 14. Nxf3 Qf6
15. Qe2 Bf5 16. Bxf5 Qxf5 17. Qb5 Nd8 18. Bd2 c6 19. Qb3 Rb8 20. Ne5 Re8 21. Re3
Bxe5 22. dxe5 Ne6 23. Qb4 c5 24. Qg4 Qxg4 25. hxg4 Rbd8 26. Rd1 d4 27. Ree1 g5
28. f3 b5 29. cxd4 Rxd4 30. Be3 Ra4 31. a3 b4 32. axb4 Rxb4 33. Rd2 Reb8 34.
Ree2 a5 35. Rc2 R8b5 36. Kf2 a4 37. Rcd2 Kf8 38. Rc2 Ke7 39. Rcd2 Rb3 40. Ke1
R3b4 41. Kf2 Rb3 42. Ke1 R3b4 43. Kf2 Nd4 44. Bxd4 cxd4 45. g3 f6 46. exf6+ Kxf6
47. f4 gxf4 48. gxf4 h5 49. gxh5 Rxh5 50. Kf3 Rh3+ 51. Kg4 Re3 52. Rxd4 Rxe2 53.
Rxb4 Rg2+ 54. Kf3 Rc2 55. Ke4 Re2+ 56. Kd3 Rh2 57. Kc4 Kf5 58. Kb5 Rh8 59. Kxa4
Ra8+ 60. Kb3 Rc8 61. Rc4 Rb8+ 62. Kc3 Re8 63. b4 Re3+ 64. Kd4 Kxf4 65. b5 Re8
66. b6 Rb8 67. Kc5+ Ke5 68. Kc6 Rc8+ 69. Kb5 Rb8 70. Ka6 Kd6 71. Ka7 Kd5 1-0

[Event "Mondiale Lampo FIDE 2017"]
[Site "Riyadh"]
[Date "29.12.2017"]
[Round "3.54"]
[White "Kovalev, Vladislav"]
[Black "Onischuk, Vladimir"]
[Result "0-1"]
[WhiteTitle "GM"]
[BlackTitle "GM"]
[WhiteElo "2639"]
[BlackElo "2637"]
[WhiteFideId "13504398"]
[BlackFideId "14114038"]
[EventDate "2017.12.29"]

1. Nf3 g6 2. d4 Bg7 3. g3 d6 4. Bg2 Nf6 5. O-O O-O 6. b3 e5 7. dxe5 dxe5 8. Bb2
e4 9. Qxd8 Rxd8 10. Ng5 Re8 11. Nc3 h6 12. Nh3 g5 13. Rfd1 Na6 14. Nb5 Bf5 15.
Nd4 Bg6 16. e3 c6 17. Rd2 Rad8 18. Rad1 Bh5 19. f3 exf3 20. Nxf3 Rxd2 21. Rxd2
Ne4 22. Bxg7 0-1

[Event "Mondiale Lampo FIDE 2017"]
[Site "Riyadh"]
[Date "29.12.2017"]
[Round "3.55"]
[White "Dobrov, Vladimir"]
[Black "Ponkratov, Pavel"]
[Result "0-1"]
[WhiteTitle "GM"]
[BlackTitle "GM"]
[WhiteElo "2515"]
[BlackElo "2613"]
[WhiteFideId "4136594"]
[BlackFideId "4157800"]
[EventDate "2017.12.29"]

1. d4 Nf6 2. c4 e6 3. Nf3 c5 4. d5 exd5 5. cxd5 d6 6. Nc3 g6 7. Bf4 a6 8. e4 Bg4
9. Qb3 b5 10. Nd2 Nh5 11. Be3 Bg7 12. h3 Bc8 13. Be2 Nf6 14. a4 b4 15. Nd1 O-O
16. O-O Re8 17. Qc2 Nbd7 18. a5 Qe7 19. Bd3 Nh5 20. Nc4 Ne5 21. Nxe5 Bxe5 22. f4
Bg7 23. Re1 Bd7 24. Qf2 Bf6 25. Qf3 Bg7 26. Ra2 Bb5 27. Bxb5 axb5 28. Nf2 b3 29.
Ra3 c4 30. a6 Bxb2 31. Ra5 Bc3 0-1

[Event "Mondiale Lampo FIDE 2017"]
[Site "Riyadh"]
[Date "29.12.2017"]
[Round "3.56"]
[White "Kuzubov, Yuriy"]
[Black "Jumabayev, Rinat"]
[Result "0-1"]
[WhiteTitle "GM"]
[BlackTitle "GM"]
[WhiteElo "2699"]
[BlackElo "2612"]
[WhiteFideId "14112906"]
[BlackFideId "13702661"]
[EventDate "2017.12.29"]

1. d4 Nf6 2. c4 c5 3. d5 b5 4. cxb5 a6 5. b6 g6 6. Nc3 d6 7. Nf3 Bg7 8. e4 Nbd7
9. a4 Qxb6 10. a5 Qc7 11. Be2 O-O 12. O-O Rb8 13. Nd2 Rb4 14. Nc4 Re8 15. Re1
Bb7 16. Bf4 Nh5 17. Bd2 Nhf6 18. f3 Ba8 19. Na4 Rbb8 20. Bc3 e6 21. dxe6 Rxe6
22. Nab6 Bb7 23. Qd2 Nf8 24. Rad1 Ne8 25. Ne3 Bxc3 26. bxc3 Nd7 27. Bc4 Re5 28.
Ng4 Re7 29. Rb1 Ne5 30. Nxe5 Rxe5 31. Bd5 Nf6 32. Nc4 Re7 33. Bxb7 Rxb7 34. Rb6
d5 35. exd5 Rxe1+ 36. Qxe1 Nxd5 37. Rxb7 Qxb7 38. Qe8+ Kg7 39. Qe5+ Kg8 40. h4
Qc6 41. Nd6 Nxc3 42. Ne8 Nb5 43. Nf6+ Kf8 44. Nxh7+ Kg8 45. Nf6+ Kf8 46. h5 gxh5
47. Nh7+ Kg8 48. Nf6+ Kf8 49. Nxh5 Qd6 50. Qg7+ Ke7 51. Qg5+ Kd7 52. Nf4 c4 53.
Qf5+ Kd8 54. Qxf7 c3 55. Qc4 Qd1+ 56. Kf2 Qd2+ 57. Kg3 c2 58. Nd3 Ke7 59. Qe4+
Kd6 60. Qe5+ Kd7 61. Qd5+ Ke7 62. Qe5+ Kd8 63. Qd5+ Kc8 64. Qc6+ Nc7 65. Qc4
Qxd3 66. Qxd3 c1=Q 67. Qf5+ Kb7 68. f4 Qe1+ 69. Kh3 Ne6 70. g3 Qe2 71. Qd5+ Kc7
72. Kh4 Nd8 73. Kg5 Nc6 74. g4 Qe7+ 75. Kg6 Qf8 76. Qc4 Kd7 77. Qd3+ Qd6+ 78.
Qxd6+ Kxd6 79. Kf7 Nxa5 80. g5 Nb7 81. g6 Nd8+ 82. Kf6 Nc6 83. g7 Ne7 84. f5 a5
85. Kf7 Nxf5 0-1

[Event "Mondiale Lampo FIDE 2017"]
[Site "Riyadh"]
[Date "29.12.2017"]
[Round "3.57"]
[White "Tissir, Mohamed"]
[Black "Potkin, Vladimir"]
[Result "1-0"]
[WhiteTitle "IM"]
[BlackTitle "GM"]
[WhiteElo "2381"]
[BlackElo "2574"]
[WhiteFideId "9000240"]
[BlackFideId "4131061"]
[EventDate "2017.12.29"]

1. e4 c5 2. Nf3 e6 3. d4 cxd4 4. Nxd4 Nc6 5. Nc3 Qc7 6. Nb3 a6 7. Bd3 b5 8. O-O
Nf6 9. f4 d6 10. Qf3 Bb7 11. Bd2 Be7 12. Rae1 b4 13. Nd1 O-O 14. Qh3 g6 15. Nf2
a5 16. Be3 a4 17. Nd4 Nxd4 18. Bxd4 e5 19. Be3 exf4 20. Bxf4 Ra5 21. b3 Bc8 22.
Qf3 Be6 23. Kh1 Re8 24. Bd2 Rb8 25. Nd1 Nd7 26. Ne3 Ne5 27. Qg3 Nxd3 28. cxd3
axb3 29. axb3 Qd8 30. Qf3 Bg5 31. Rb1 Ra2 32. Be1 Qe7 33. Bg3 Rc8 34. Nd5 Bxd5
35. exd5 Qd7 36. Rbe1 Ra7 37. Re4 Rc3 38. Rxb4 Kg7 39. Bf2 Bf6 40. Bxa7 Be5 41.
Bd4 Bxd4 42. Rxd4 f5 43. Rc4 Rxb3 44. Qe3 Qf7 45. Qd4+ Kh6 46. h3 Rb5 47. Rfc1
Rxd5 48. Qe3+ Kg7 49. Rc7 1-0

[Event "Mondiale Lampo FIDE 2017"]
[Site "Riyadh"]
[Date "29.12.2017"]
[Round "3.58"]
[White "Amer, Said Salim Al Maashani"]
[Black "Dervishi, Erald"]
[Result "0-1"]
[WhiteTitle "FM"]
[BlackTitle "GM"]
[WhiteElo "2103"]
[BlackElo "2552"]
[WhiteFideId "22000100"]
[BlackFideId "4700236"]
[EventDate "2017.12.29"]

1. e4 e5 2. Nf3 Nc6 3. d4 exd4 4. Nxd4 Nf6 5. Nxc6 bxc6 6. e5 Qe7 7. Qe2 Nd5 8.
c4 Nb6 9. Nc3 Qe6 10. Qe4 d5 11. exd6 cxd6 12. Bd3 f5 13. Qxe6+ Bxe6 14. b3 Be7
15. O-O Kf7 16. Bb2 Bf6 17. Rfe1 a5 18. Re2 a4 19. Rae1 Rhe8 20. g4 g6 21. Nd1
Bxb2 22. Nxb2 axb3 23. axb3 fxg4 24. Nd1 d5 25. c5 Nd7 26. b4 Nf6 27. b5 cxb5
28. Bxb5 Bd7 29. c6 Rxe2 30. Rxe2 Be6 31. Nc3 Ne8 32. Na2 Nc7 33. Nc3 d4 34. Ne4
Ra1+ 35. Kg2 Bd5 36. Bd3 Bxc6 37. Kg3 Bxe4 38. Rxe4 Ra3 39. Rxd4 Ne6 40. Rd7+
Ke8 41. Rd5 h5 42. f3 gxf3 43. Bb5+ Ke7 44. Re5 Kf6 45. Re1 g5 46. Bc4 Nd4 47.
Rd1 Nf5+ 48. Kf2 g4 49. Bd3 Ra2+ 50. Kg1 f2+ 51. Kh1 Ne3 52. Rb1 Rd2 53. Bf1 h4
54. Rb3 Nxf1 0-1

[Event "Mondiale Lampo FIDE 2017"]
[Site "Riyadh"]
[Date "29.12.2017"]
[Round "3.59"]
[White "Abdyjapar, Asyl"]
[Black "Farhan, Marwan Ali"]
[Result "1-0"]
[WhiteTitle "IM"]
[WhiteElo "2382"]
[BlackElo "1975"]
[WhiteFideId "13800337"]
[BlackFideId "9401652"]
[EventDate "2017.12.29"]

1. d4 d5 2. c4 e6 3. Nc3 Nf6 4. Nf3 Be7 5. Bf4 a6 6. c5 O-O 7. e3 Nc6 8. a3 a5
9. Bb5 Na7 10. Bd3 b6 11. b4 Bb7 12. h3 Ne4 13. Qc2 f5 14. O-O Kh8 15. Ne5 Nc6
16. cxb6 cxb6 17. Nxc6 Bxc6 18. Nxe4 fxe4 19. Qxc6 exd3 20. b5 Rf6 21. Bc7 Qc8
22. Bxb6 e5 23. Qxc8+ Rxc8 24. Bxa5 e4 25. a4 Rb8 26. Bc7 Rb7 27. b6 Bd6 28.
Bxd6 Rxd6 29. a5 Rb8 30. Rfb1 Rc6 31. a6 1-0

[Event "Mondiale Lampo FIDE 2017"]
[Site "Riyadh"]
[Date "29.12.2017"]
[Round "3.60"]
[White "Al Habeeb, Emad"]
[Black "Shytaj, Luca"]
[Result "0-1"]
[BlackTitle "IM"]
[WhiteElo "1933"]
[BlackElo "2459"]
[WhiteFideId "21500029"]
[BlackFideId "812633"]
[EventDate "2017.12.29"]

1. d4 Nf6 2. c4 e6 3. Nc3 Bb4 4. Qc2 O-O 5. Nf3 b6 6. e3 Bb7 7. Be2 d5 8. cxd5
exd5 9. O-O Nbd7 10. a3 Be7 11. Bd3 a6 12. Bd2 Bd6 13. Rad1 Qe7 14. h3 Ne4 15.
Ne2 Ndf6 16. Bc1 c5 17. b3 Rac8 18. Qb2 c4 19. Bb1 c3 20. Qa2 b5 21. Bd3 Rfe8
22. Ne1 Bb8 23. f3 Ng5 24. f4 Nge4 25. Nf3 Nd7 26. Ne5 f6 27. Nxd7 Qxd7 28. b4
Kh8 29. Rf3 Bd6 30. Ng3 c2 31. Bxc2 Nc3 32. Qb2 0-1

[Event "Mondiale Lampo FIDE 2017"]
[Site "Riyadh"]
[Date "29.12.2017"]
[Round "3.61"]
[White "Minko, Vladimir"]
[Black "Bukannan, Ahmed A"]
[Result "1-0"]
[WhiteTitle "IM"]
[WhiteElo "2381"]
[BlackElo "1929"]
[WhiteFideId "24146706"]
[BlackFideId "21504164"]
[EventDate "2017.12.29"]

1. d4 b6 2. c4 Nf6 3. Nf3 e6 4. g3 Bb7 5. Bg2 Be7 6. O-O O-O 7. Nc3 d5 8. Ne5 c5
9. cxd5 exd5 10. Nc4 Na6 11. Ne3 Nc7 12. Nf5 cxd4 13. Nxe7+ Qxe7 14. Qxd4 Ne6
15. Qh4 Rfe8 16. e3 Rad8 17. Ne2 Ne4 18. Qg4 Nf6 19. Qa4 Qc7 20. Nd4 Nxd4 21.
exd4 Bc6 22. Qa3 Bb5 23. Bf4 Qd7 24. Rfe1 Rxe1+ 25. Rxe1 Re8 26. Rc1 a5 27. h3
Rc8 28. Rxc8+ Qxc8 29. Qd6 Qc6 30. Qd8+ Qe8 31. Qxb6 Bd3 32. Qxa5 h6 33. Be5 Ne4
34. Qxd5 Nf6 35. Qa8 Qxa8 36. Bxa8 Nd7 37. a4 Ba6 38. b4 Bc4 39. Bc6 Nxe5 40.
dxe5 Kf8 41. a5 Ke7 42. b5 Kd8 43. f4 Kc7 44. Kf2 Be6 45. g4 Bc4 46. Ke3 Bf1 47.
h4 Bh3 48. g5 hxg5 49. fxg5 Bc8 50. Kd4 Bf5 51. Kc5 Bc8 52. a6 Kd8 53. a7 1-0